| 000 | 01237njm a2200301 a 4500 | ||
|---|---|---|---|
| 003 | BLK | ||
| 005 | 20250328104906.0 | ||
| 007 | sd ammalaaahaa | ||
| 008 | 180413b bul||n|| |||||||| n|bulo| | ||
| 028 | _a855562 | ||
| 040 | _aBLK | ||
| 041 |
_aDEU _cDEU |
||
| 080 |
_aДруги видове песни. Естрада, джаз. Стари градски. Рок и попмузика. Чалга (поп фолк) _b784.7 _x(086.72) _z784.7(086.72) |
||
| 245 | _aDeep Purple | ||
| 260 |
_aBerlin _bDeutsche Schallplatten _c1976 _9215027 |
||
| 300 |
_a1 грамофонна плоча _b33 об/мин, стерео _c30 см |
||
| 380 | _a7 | ||
| 490 |
_9493969 _aAmiga |
||
| 500 | _a(01) Deep Purple - Lady Double Dealer (02) Deep Purple - Smoke On The Water (03) Deep Purple - Stormbringer (04) Deep Purple - Speed King ---- (05) Deep Purple - Rat Bat Blue (06) Deep Purple - Woman From Tokyo (07) Deep Purple - Anyone's Daughter (08) Deep Purple - Hold On | ||
| 650 | 7 |
_9169666 _aРокмузика |
|
| 852 |
_aФ ІІ 3597 _bО |
||
| 856 |
_i0.00 _ldisable |
||
| 942 |
_cGPL _n0 |
||
| 944 |
_cНора Радева _k30545 _lНора Радева _a30545 |
||
| 999 |
_c530236 _d530236 |
||
| 999 | _d530235 | ||
| 999 | _d530234 | ||
| 999 | _d530233 | ||